000 00749nam a2200217 a 4500
001 BRCA_859
005 20190320203200.0
008 980424s1997 pe-a---##b---#000-0#spa-#
040 _aDLC
_cDLC
050 4 _aNK7139
_b.P53 1997
245 1 0 _aPlata y plateros del Perú
_cPaloma Carcedo ... [et al.] ; editores José Torres della Pina, Victoria Mujica.
260 _aLima
_bPatronato Plata del Perú
_c1997
300 _a385 p.
_bil. a color
_c30 cm.
650 1 4 _aTrabajo en plata
_xHistoria
_zPerú
_92863
650 1 4 _aOrfebrería
_xHistoria
_zPerú
_92864
650 1 4 _aPlatería religiosa
_xHistoria
_zPerú
_92865
700 1 _aCarcedo, Paloma
_92866
700 1 _aTorres della Pina, José
_92867
700 1 _aMujica, Victoria
_92868
942 _2lcc
_cB
999 _c754
_d754